LEADER 00878nam0 2200277 450 001 000006881 005 20060328093826.0 010 $a88-14-11194-4 100 $a20060328d2004----km-y0itay50------ba 101 0 $aita 102 $aIT 105 $ay-------001yy 200 1 $aCodice penale$eannotato con la giurisprudenza$fGiorgio Lattanzi$gccon la collaborazione di Marco Gambardella 205 $a4. ed. aggiornata al 31 luglio 2004 210 $aMilano$cGiuffrè$d2004 215 $aXXXIII, 2007 p.$d24 cm 225 2 $aBiblioteca di base Giuffrè 410 0$12001$aBiblioteca di base Giuffrè 676 $a345.45002632$v20 700 1$aLattanzi,$bGiorgio$0549660 702 1$aGambardella,$bMarco 801 0$aIT$bUNIPARTHENOPE$c20060328$gRICA$2UNIMARC 912 $a000006881 951 $a3R(008)$b37985$cNAVA3 996 $aCodice penale$9992941 997 $aUNIPARTHENOPE LEADER 01841nam 2200517I 450 001 9910705252803321 005 20140825150422.0 035 $a(CKB)5470000002448838 035 $a(OCoLC)889071288 035 $a(EXLCZ)995470000002448838 100 $a20140825d2013 ua 0 101 0 $aeng 135 $aurcn||||||||| 181 $ctxt$2rdacontent 182 $cc$2rdamedia 183 $acr$2rdacarrier 200 10$aFracture analysis of particulate reinforced metal matrix composites /$fJames B. Min, James A. Cornie 210 1$aCleveland, Ohio :$cNational Aeronautics and Space Administration, Glenn Research Center,$d2013. 215 $a1 online resource (13 pages) $ccolor illustrations 225 1 $aNASA/TM ;$v2013-217871 300 $aTitle from title screen (viewed on Aug. 25, 2014). 300 $a"May 2013." 320 $aIncludes bibliographical references (page 13). 606 $aParticulate reinforced composites$2nasat 606 $aFracture strength$2nasat 606 $aLaser interferometry$2nasat 606 $aMoire interferometry$2nasat 606 $aMetal matrix composites$2nasat 606 $aDuctility$2nasat 615 7$aParticulate reinforced composites. 615 7$aFracture strength. 615 7$aLaser interferometry. 615 7$aMoire interferometry. 615 7$aMetal matrix composites. 615 7$aDuctility. 700 $aMin$b James B.$01407296 702 $aCornie$b James A. 712 02$aNASA Glenn Research Center, 712 02$aFundamental Aeronautics Program (U.S.), 712 02$aUnited States.$bNational Aeronautics and Space Administration. 801 0$bGPO 801 1$bGPO 906 $aBOOK 912 $a9910705252803321 996 $aFracture analysis of particulate reinforced metal matrix composites$93488403 997 $aUNINA